| 000 | 00674nam a2200193 i 4500 | ||
|---|---|---|---|
| 001 | 104145 | ||
| 003 | ES-MaACL | ||
| 005 | 20251005063104.0 | ||
| 007 | t| | ||
| 008 | 051124s1905 sp ||||1| spa d | ||
| 100 | 1 |
_aMhartín y Guix, Enrique, _d1859-1932 _980841 |
|
| 245 | 1 | 0 |
_aManual del empleado _b: consultor de los funcionarios civiles del Estado, de la provincia y del municipio / _cEnrique Mhartín y Guix. |
| 250 | _a9ª ed. reform. y amp. | ||
| 260 |
_aMadrid : _bBailly-Baillière, _c1905. |
||
| 300 |
_a414 p. ; _c18 cm. |
||
| 650 | 4 |
_aFuncionarios- _xEstatuto jurídico- _zEspaña. _9164741 |
|
| 852 |
_aES-MaACL _jB-3674 |
||
| 999 |
_c104145 _d104145 |
||